Riconosci le Bandiere sbagliate - Europa - Quiz n°3 - Statistics

Statistiche generali
  • Questo quiz è stato fatto 13 volte
  • Il punteggio medio è 24 su 30
Statistiche sulle risposte
Domanda Casella Select % Corretto
tutte le bandiere sbagliate
100%
tutte le bandiere sbagliate No
100%
tutte le bandiere sbagliate No
100%
tutte le bandiere sbagliate No
100%
tutte le bandiere sbagliate
100%
tutte le bandiere sbagliate No
100%
tutte le bandiere sbagliate No
100%
tutte le bandiere sbagliate
92%
tutte le bandiere sbagliate No
92%
tutte le bandiere sbagliate
92%
tutte le bandiere sbagliate No
92%
tutte le bandiere sbagliate No
92%
tutte le bandiere sbagliate No
92%
tutte le bandiere sbagliate No
92%
tutte le bandiere sbagliate
85%
tutte le bandiere sbagliate No
85%
tutte le bandiere sbagliate No
85%
tutte le bandiere sbagliate No
85%
tutte le bandiere sbagliate
77%
tutte le bandiere sbagliate No
77%
tutte le bandiere sbagliate No
77%
tutte le bandiere sbagliate No
69%
tutte le bandiere sbagliate No
69%
tutte le bandiere sbagliate No
62%
tutte le bandiere sbagliate
62%
tutte le bandiere sbagliate
62%
tutte le bandiere sbagliate No
46%
tutte le bandiere sbagliate
31%
tutte le bandiere sbagliate
31%
tutte le bandiere sbagliate
23%
Nessun quiz corrispondente trovato
Distribuzione punteggi
Percentuale di utenti per punteggio
Percentile per numero di risposta
I tuoi punteggi nel tempo
Non hai fatto questo quiz